| 000 | 00394nam a22001691a 4500 | ||
|---|---|---|---|
| 020 | _a9788121511988 | ||
| 082 |
_a294.551 3 _bSNK/S |
||
| 100 | _aS N Kaul | ||
| 245 |
_aSaiva Philosophy of Kashmir/ _cby S N Kaul |
||
| 250 | _a1st. | ||
| 260 |
_aNew Delhi: _bMunshiram Manoharlal, _c2008. |
||
| 300 | _a136p. | ||
| 650 | _aSaivism | ||
| 650 | _aHinduism | ||
| 650 | _aReligion | ||
| 942 | _cBK | ||
| 999 |
_c39377 _d39377 |
||